00347nam a2200133Ia 4500008004100000041000800041082001400049100001700063245004500080250000700125260004200132300003000174365000900204240624s9999 xx 000 0 und d aeng a332.6 BAK aBAKER H KENT aBEHAVIORAL FINANCE INVESTOS CORPORATIONS a11 c2010aNew JerseybJohn Wiley and Sons aix, : 757 : p. : cm. ; 26 cb27